000 00341nam a2200097Ia 4500
082 _a155.41246 JANS
245 0 _aMy kind is bang, en ek ook : praktiese riglyne om die angste en vrese van menswees te oorwin
100 _a JANSON, Murray Vereeniging, 2003 2de uitg
_985518
942 _cBK
008 210817s9999 xx 000 0 und d
999 _c319915
_d319914